00333nam a2200121Ia 450000500170000000800410001702000180005808200170007610000190009324500490011226000390016130000110020020241129164244.0231221s9999 xx 000 0 und d a9788125007029 a709 TOM;1 R aTomory, Edith. 2aA history of fine arts in india and the west c2015bOrient black swanaNew Delhi axx,532